| 000 | 00000nam##2200000za#4500 |
| 001 | 9.615791 |
| 003 | CaOODSP |
| 005 | 20201118084524 |
| 007 | ta |
| 008 | 150406|2001||||xxc||||| f|0| 0 eng|d |
| 020 | |a0-662-31116-7 |
| 040 | |aCaOODSP|beng |
| 043 | |an-cn--- |
| 086 | 1 |aH113-2/11-2001E |
| 110 | 1 |aCanada. |bPest Management Regulatory Agency. |
| 245 | 10|aChromated copper arsenate (CCA) treated wood |
| 260 | |aOttawa - Ontario : |bHealth Canada. |c2001. |
| 300 | |a1 folded sheet. ; |c22 cm. |
| 490 | 1 |aFact sheet |
| 563 | |aPamphlet |
| 590 | |a01-46|b2001-11-16 |
| 775 | 08|tBois traité à l'arséniate de cuivre chromaté (ACC) |w(CaOODSP)9.625809 |
| 776 | 0#|tFact sheet on Chromated Copper Arsenate (CCA) treated wood |w(CaOODSP)9.557967 |
| 830 | #0|aFact sheet.|w(CaOODSP)9.514698 |